000 00755nam a2200265Ia 4500
003 OSt
005 20221005085207.0
006 a|||||r|||| 00| 0
007 ta
008 221004b |||||||| |||| 00| 0 eng d
020 _a0849318882
024 _a30220
037 _cTextual
040 _aCRL
_cCRL
_beng
041 _2eng
_aeng
082 _aL:(E), N9
100 _aDickson Charles
_9614020
245 0 _aMedicinal chemistry laboratory manual
_b Investigations in biological and pharmaceutical chemistry
260 _aNew York
_bCRC Press
_c1999
300 _a215p.
_ccm.
650 _a MEDICINE
650 _aPHARMACEUTICAL CHEMISTRY
_9200028
942 _hL:(E), N9
_cTEXL
_2cc
999 _c993835
_d993835